| 000 | 00368pab a2200157 454500 | ||
|---|---|---|---|
| 008 | 180718b2013 xxu||||| |||| 00| 0 eng d | ||
| 100 | _aSharma, Pragya | ||
| 245 | _aUrban reforms under JNNURM - an assessment | ||
| 260 | _c2013 | ||
| 300 | _ap.17-33. | ||
| 362 | _aJul-Dec | ||
| 650 | _aUrban renewal | ||
| 773 | _aUrban India | ||
| 908 | _aN | ||
| 909 | _a104879 | ||
| 999 |
_c104874 _d104874 |
||